000 00422nam a2200157 4500
001 120082
003 ES-MaACL
005 20230906191448.0
007 t|
008 070214s1941 sp r ||||1| spa d
100 1 _aPérez de Urbel, Justo.
_990812
245 1 0 _aVida de Cristo /
_cFray Justo Pérez de Urbel.
260 _aMadrid :
_bFax,
_c1941.
300 _a576 p. ;
_c19 cm.
852 _aES-MaACL
_jF-15397
_bR.19304
999 _c120082
_d120082